00611nam a2200205Ia 4500008004100000020001800041050001700059050001600076100002000092245003100112245002600143245011200169260001300281260002900294260000900323300001600332300002600348300001100374500002000385160819s9999 xx 000 0 und d a971-502-725-3 aCUL TX 724.5 b.P5J37 1998 aJaraza, Aileen. aFilipino kitchen library : bdesserts and snacks / cby Aileen Jaraza, Christina Aquino & Hector Jaraza; photography by Nelson Rivera; Book design by Nik Ricio. aManila : bBooks for Pleasure Inc., c1998 a128 pages : bcolor illustrations ; c23 cm. aIncludes index.